| 000 | 00809cam a2200277 4500 | ||
|---|---|---|---|
| 001 | ABS63566 | ||
| 008 | 000000n2001 000 0 eng u | ||
| 035 | _a(Sirsi) u111004 | ||
| 245 | 2 | _aA climate of change | |
| 260 | _c2001 | ||
| 490 |
_aNew Review _v(47) February 2001, 6-7(2) |
||
| 520 | _aLooks at the scope of the Climate Change Levy to be introduced 1 April 2001, and the incentives it presents for using renewable energy sources in the UK. | ||
| 590 | _aABS | ||
| 650 | _aCLIMATE CHANGE LEVY | ||
| 650 | _aRENEWABLE ENERGY | ||
| 650 | _aGREENHOUSE GAS EMISSIONS | ||
| 650 | _aNON-DOMESTIC RATES | ||
| 650 | _aFUEL CONSUMPTION | ||
| 650 | _aENERGY USE | ||
| 650 | _aCOAL | ||
| 650 | _aGAS | ||
| 650 | _aELECTRICITY | ||
| 650 | _aTAX | ||
| 690 |
_aEnvironment _96238 |
||
| 942 | _n0 | ||
| 999 |
_c66151 _d66151 |
||